Rigid body dynamics / Joaquim A. Battle, Universitat Politècnica de Catalunya, Barcelona, Ana Barjau Condomines, Universitat Politècnica de Catalunya, Barcelona. (Record no. 22192)
| 000 -LEADER | |
|---|---|
| fixed length control field | 01299nam a22001817a 4500 |
| 020 ## - INTERNATIONAL STANDARD BOOK NUMBER | |
| ISBN | 9781108902250 |
| 082 ## - DEWEY DECIMAL CLASSIFICATION NUMBER | |
| Classification number | 531.3 |
| Item number | B333 2022 |
| 100 ## - MAIN ENTRY--AUTHOR NAME | |
| Personal name | Battle, Joaquim A., author. |
| 245 ## - TITLE STATEMENT | |
| Title | Rigid body dynamics / Joaquim A. Battle, Universitat Politècnica de Catalunya, Barcelona, Ana Barjau Condomines, Universitat Politècnica de Catalunya, Barcelona. |
| 260 ## - PUBLICATION, DISTRIBUTION, ETC. (IMPRINT) | |
| Place of publication | Cambridge, New York : |
| Name of publisher | Cambridge University Press, |
| Year of publication | 2022. |
| 300 ## - PHYSICAL DESCRIPTION | |
| Number of Pages | 1 online resource, xii, 583 pages : |
| Other physical details | illustrations. |
| 500 ## - GENERAL NOTE | |
| General note | Includes bibliographical reference and index. |
| 520 ## - SUMMARY, ETC. | |
| Summary, etc | "Master the conceptual, theoretical and practical aspects of kinematics with this exhaustive text, which provides a rigorous analysis and description of general motion in mechanical systems, with numerous examples from spinning tops to wheel ground-vehicles. Over 400 figures illustrate the main ideas and provide a geometrical interpretation and a deeper understanding of concepts, and exercises and problems throughout the text provide additional hands-on practice. Ideal for students taking courses on rigid body kinematics, and an invaluable reference for researchers"-- Provided by publisher... |
| 650 ## - SUBJECT ADDED ENTRY--TOPICAL TERM | |
| Topical Term | Dynamics -- Rigid |
| 650 ## - SUBJECT ADDED ENTRY--TOPICAL TERM | |
| Topical Term | Kinematics. |
| 700 ## - ADDED ENTRY--PERSONAL NAME | |
| Personal name | Condomines, Ana Barjau, author. |
| 942 ## - ADDED ENTRY ELEMENTS (KOHA) | |
| Koha item type | Electronic Books |
| Source of acquisition | Permanent Location | Date acquired | Collection code | Koha item type | Lost status | Shelving location | Withdrawn status | Current Location | Full call number |
|---|---|---|---|---|---|---|---|---|---|
| Donations | Cagayan State University - Carig Library | 2026-04-14 | E-Books | Electronic Books | E-Resource Section | Cagayan State University - Carig Library | 531.3 B333 2022 |